00623nam a22001577a 45000050016000000200023000160350012000390370013000511000024000642450128000882600045002163000025002619420026002869990017003129520136003292012042101281.0 a0195652428c345.00 aB-28098 aDPLbENG aNandy, Ashis945560 aAn ambiguous journey to the city :bThe village and other odd ruins of the self in the Indian imagination /cby Ashis Nandy aNew DelhibOxford University Pressc2001 axiii, 146p.c20 cms. 2ddccENh306.485mNAN c65418d65418 001040708NFICaZLSbZLSd2012-04-21g345.00l1m2o306.485 NANpB-28098r2023-01-10 00:00:00s2022-12-15v345.00w2012-04-21yEN